| 000 | 00861nab a2200253 u 4500 | ||
|---|---|---|---|
| 001 | 19598 | ||
| 003 | HDC | ||
| 007 | cr bn ---aaaaa | ||
| 008 | 210302c |r|noo 0 a d | ||
| 040 | _aHDC | ||
| 100 |
_aBrown, Jessica, _eauthor _917988 |
||
| 245 | 0 |
_aENJOY JAPAN HALAL FOOD AND LOTS OF OTHER FACILITIES DURING YOUR TIP / _cby Jessica Brown |
|
| 260 |
_a[No place] : _b[publisher not identified], _c2016 |
||
| 336 |
_atext _2rdacontent |
||
| 337 |
_acomputer _2rdamedia |
||
| 338 |
_aonline resource _2rdacarrier |
||
| 650 |
_aHalal food _950 |
||
| 650 |
_aMuslim tourist _94793 |
||
| 710 | _aPRSYNC.COM | ||
| 856 | _zRequest full-text at [email protected] | ||
| 942 | _2lcc | ||
| 942 | _cNEWS | ||
| 942 | _kNWSO 009770 | ||
| 999 |
_c16914 _d16914 |
||